Родина: Стихи русских поэтов

Bibliografiske detaljer
Andre forfattere: Банников Н. В. (составитель), Прибыловская Т. (иллюстратор)
Sprog:russisk
Udgivet: Москва, Детская литература, 1986
Serier:Поэтическая библиотечка школьника
Fag:
Format: MixedMaterials Bog
KOHA link:https://koha.lib.tpu.ru/cgi-bin/koha/opac-detail.pl?biblionumber=133354

MARC

LEADER 00000nam0a2200000 4500
001 133354
005 20231031135309.0
035 |a (RuTPU)RU\TPU\book\144514 
090 |a 133354 
100 |a 20080314d1986 d y0rusy50 ca 
101 0 |a rus 
102 |a RU 
105 |a a z 000gy 
200 1 |a Родина  |e Стихи русских поэтов  |f сост., предисл. и примеч. Н. В. Банников ; худож. Т. Прибыловская 
210 |a Москва  |c Детская литература  |d 1986 
215 |a 271 с.  |c ил. 
225 1 |a Поэтическая библиотечка школьника 
610 1 |a русская литература 
610 1 |a русская поэзия 
610 1 |a русские поэты 
675 |a Р1  |v 3 
702 1 |a Банников  |b Н. В.  |4 220 
702 1 |a Прибыловская  |b Т.  |4 440 
801 1 |a RU  |b 63413507  |c 20080314  |g PSBO 
942 |c BK